| 000 | 00644nam a22001695i 4500 | ||
|---|---|---|---|
| 001 | 154653 | ||
| 003 | ES-MaACL | ||
| 005 | 20230906205818.0 | ||
| 008 | 970903s1885 sp |||| | spa d | ||
| 040 |
_aCYL _bspa _cCYL |
||
| 100 | 1 |
_aGordillo Lozano, Gaspar. _9127474 |
|
| 245 | 1 | 0 |
_aTratamiento de la pulmonía _b: estudio crítico de los diversos procedimientos seguidos para curar dicha enfermedad / _cpor el doctor Gaspar Gordillo Lozano. |
| 260 |
_aMadrid : _b[s.n.], _c1885 ( _fImprenta de F. Maroto é hijos) |
||
| 300 |
_a322 p. ; _c21 cm. |
||
| 650 | 4 |
_aPulmones- _xEnfermedades. _9136791 |
|
| 852 |
_aES-MaACL _jG-15755 _z-- Enc. hol. |
||
| 999 |
_c154653 _d154653 |
||